| 000 | 00623nam a2200193 a 4500 | ||
|---|---|---|---|
| 001 | 000046359 | ||
| 005 | 20201002052820.0 | ||
| 008 | 150804s1992 xxua 000 0 spa d | ||
| 020 | _a0906156645 | ||
| 040 |
_aDO-SdBNP _bspa _cBNPHU |
||
| 082 |
_axxxxxxxxx _bxxxxxxxxx |
||
| 100 | 1 |
_aFerguson, James _974388 |
|
| 245 | 1 | 0 |
_aThe Dominican Republic : _bbeyond the lighthouse / _cJames Ferguson ; editor Duncan Green. |
| 260 |
_aNew York, NY, : _bLatin America Bureau, _c1992. |
||
| 300 |
_a118 p. : _bil. ; _c21 cm. |
||
| 500 | _aIncluye índice | ||
| 504 | _aBibliografias : p 111-113 | ||
| 700 | 1 |
_aGreen, Duncan, _eed. _974389 |
|
| 999 |
_c45848 _d45848 |
||